Not China - Statistics

General Stats
  • This quiz has been taken 375 times
  • The average score is 21 of 33
Answer Stats
Group Country % Correct
Himalayan Countries, Five Letter Country Ending in -A, Cities With 20+ Million People India
97%
Himalayan Countries, Communist Countries Nepal
97%
Himalayan Countries Bhutan
93%
Himalayan Countries, Countries That Have Banned Youtube, Cities With 20+ Million People Pakistan
92%
Building At Least 400m/1300ft Tall United Arab Emirates
90%
Building At Least 400m/1300ft Tall, City With 20+ Million People United States
89%
Building At Least 400m/1300ft Tall, Chinese As an Official Language Taiwan
85%
Countries With a City With 20+ Million People Japan
84%
Communist Countries Vietnam
84%
Chinese As an Official Language Singapore
77%
Communist Countries Cuba
76%
Asian Countries Whose Capital Begins with 'B' Thailand
75%
Communist Countries Laos
73%
Countries With a City With 20+ Million People Indonesia
72%
Asian Countries Whose Capital Begins with 'B' Iraq
69%
Countries With a City With 20+ Million People Brazil
68%
Countries With a City With 20+ Million People South Korea
68%
Countries With a City With 20+ Million People Mexico
63%
Building At Least 400m/1300ft Tall Saudi Arabia
61%
Asian Countries Whose Capital Begins with 'B' Brunei
59%
Asian Countries Whose Capital Begins with 'B' Azerbaijan
55%
Countries That Have Banned Youtube Iran
53%
Asian Countries Whose Capital Begins with 'B' Kyrgyzstan
53%
Asian Countries Whose Capital Begins with 'B' Lebanon
52%
Countries With a City With 20+ Million People Philippines
51%
Five Letter Country Ending in -A, Countries That Have Banned Youtube Syria
42%
Five Letter Country Ending in -A Libya
37%
Five Letter Country Ending in -A Ghana
36%
Countries That Have Banned Youtube Turkmenistan
29%
Five Letter Country Ending in -A Kenya
28%
Five Letter Country Ending in -A Malta
28%
Five Letter Country Ending in -A Tonga
28%
Five Letter Country Ending in -A Samoa
26%
No matching quizzes found
Score Distribution
Percent of People with Each Score
Percentile by Number Answered
Your Score History
You have not taken this quiz